Score 0/20 Timer 05:00
10 Plays Today
% Correct
Lisa Simpson (The Simpsons)
95.6%
Little Red Riding Hood
93.8%
Alice Kingsleigh (Alice's Adventures in Wonderland)
92.4%
Hermione Granger (Harry Potter)
89.5%
Katniss Everdeen (The Hunger Games)
86.9%
The Powerpuff Girls
86.8%
Dorothy Gale (The Wizard of Oz)
82.7%
Smurfette (The Smurfs)
74.7%
Matilda Wormwood (Matilda)
73.5%
Meg Griffin (Family Guy)
68.5%
% Correct
Pebbles Flintstone (The Flintstones)
66.4%
Pippi Longstocking
62.5%
Merida (Brave)
49.3%
Violet Beauregarde (Charlie and the Chocolate Factory)
49.3%
Lucy Pevensie (The Chronicles of Narnia)
47.3%
Blossom Russo (Blossom)
38.9%
Arya Stark (Game of Thrones)
38.4%
Rudy Huxtable (The Cosby Show)
37.2%
Gertie (E.T. the Extra-Terrestrial)
17.3%
Chihiro (Spirited Away)
13.7%
Remove Ads.
Support Sporcle.
Get the best of Sporcle when you Go Orange. This ad-free experience offers more features, more stats, and more fun while also helping to support Sporcle. Thank you for becoming a member.

You're not logged in!

Compare scores with friends on all Sporcle quizzes.
OR
Log In

Sporcle TV

Today on Sporcle TV


Watch our educational content, quiz creation guides, and fun videos on Sporcle TV.

Show Comments

Extras

Top Quizzes Today


Score Distribution

Paid Content

Your Account Isn't Verified!

In order to create a playlist on Sporcle, you need to verify the email address you used during registration. Go to your Sporcle Settings to finish the process.

Report this User

Report this user for behavior that violates our Community Guidelines.

Details: